000 00621nam a2200205Ia 4500
003 GCL
008 140319s9999 xx 000 0 ara d
040 _aGCL /
_cGCL
082 0 4 _a301.361
_bح ت
100 1 _aحسن الساعاتى
245 1 0 _aالتصنيع والعمران : بحث ميدانى للاسكندرية وعمالها /
_cحسن الساعاتى
300 _a435 ص
490 _a
650 0 4 _aالسكان
650 0 4 _aالمدن
650 0 4 _aالاسكندرية
650 0 4 _aالاحصائيات الحيوية
650 0 4 _aالاجتماع الحضرى، علم
942 _2ddc
_cBK
999 _c46198
_d46198